ՀՀ Գիտությունների ազգային ակադեմիայի հիմնարար գիտական գրադարան  =   Fundamental Scientific Library of NAS RA

Летопись исторических судеб армянского народа : (Record no. 324720)

MARC details
000 -LEADER
fixed length control field 00847nam a2200217 a 4500
001 - CONTROL NUMBER
control field 000973430
003 - CONTROL NUMBER IDENTIFIER
control field AM-YeHGA
005 - DATE AND TIME OF LATEST TRANSACTION
control field 20250617150121.0
008 - FIXED-LENGTH DATA ELEMENTS--GENERAL INFORMATION
fixed length control field 130710s1918 ru r 000 0 rus d
040 ## - CATALOGING SOURCE
Original cataloging agency AM-YeHGA
041 0# - LANGUAGE CODE
Language code of text/sound track or separate title rus
090 ## - LOCALLY ASSIGNED LC-TYPE CALL NUMBER (OCLC); LOCAL CALL NUMBER (RLIN)
-- 326465
100 1# - MAIN ENTRY--PERSONAL NAME
Personal name Брюсов, Валерий Яковлевич,
Dates associated with a name 1873-1924
245 10 - TITLE STATEMENT
Title Летопись исторических судеб армянского народа :
Remainder of title [От VI в. до Р. ХР. по наше время] /
Statement of responsibility, etc. Валерий Брюсов.
260 ## - PUBLICATION, DISTRIBUTION, ETC.
Place of publication, distribution, etc. Москва :
Name of publisher, distributor, etc. Моск. Арм. Ком.,
Date of publication, distribution, etc. 1918.
300 ## - PHYSICAL DESCRIPTION
Extent 124 с.
504 ## - BIBLIOGRAPHY, ETC. NOTE
Bibliography, etc. note Библиогр.: с. 117-122
650 14 - SUBJECT ADDED ENTRY--TOPICAL TERM
Topical term or geographic name entry element Армяне
General subdivision История
650 14 - SUBJECT ADDED ENTRY--TOPICAL TERM
Topical term or geographic name entry element История
Geographic subdivision Армения
Chronological subdivision Период с древнейших времен до начала 20 в.
942 ## - ADDED ENTRY ELEMENTS (KOHA)
Source of classification or shelving scheme Universal Decimal Classification
Koha item type Գրքեր / Books
Holdings
Withdrawn status Lost status Source of classification or shelving scheme Damaged status Not for loan Collection Home library Current library Date acquired Total checkouts Full call number Barcode Date last seen Price effective from Koha item type Public note
    Universal Decimal Classification     Avdalbegian Individual Collection Fundamental Scientific Library Fundamental Scientific Library 09/01/2017   Авд/378 FL0428804 09/01/2017 09/01/2017 Գրքեր / Books ILL Non-Circ.
    Universal Decimal Classification     General Fundamental Scientific Library Fundamental Scientific Library 09/01/2017   PII/486715 FL0265374 09/01/2017 09/01/2017 Գրքեր / Books 30 Days Loan
          General Fundamental Scientific Library Fundamental Scientific Library 09/01/2017   PIII/60083 FL0415397 09/01/2017 09/01/2017 Գրքեր / Books 30 Days Loan
    Universal Decimal Classification     Levonyan Individual Collection Fundamental Scientific Library Fundamental Scientific Library 09/01/2017   Лев/431 FL0379617 09/01/2017 09/01/2017 Գրքեր / Books ILL Non-Circ.
          General Fundamental Scientific Library Fundamental Scientific Library 06/02/2018   PIII/13634 FL0478322 06/02/2018 06/02/2018 Գրքեր / Books 30 Days Loan
          General Fundamental Scientific Library Fundamental Scientific Library 06/05/2019   РД III/14858 FL0575321 06/05/2019 06/05/2019 Գրքեր / Books 30 Days Loan
          General Fundamental Scientific Library Fundamental Scientific Library 24/05/2019   РД II/61079 FL0582278 24/05/2019 24/05/2019 Գրքեր / Books 30 Days Loan
    Universal Decimal Classification     Kusikian Individual Collection Fundamental Scientific Library Fundamental Scientific Library 09/01/2025   Кус/786 FL0687729 09/01/2025 09/01/2025 Գրքեր / Books ILL Non-Circ.
    Universal Decimal Classification     Kusikian Individual Collection Fundamental Scientific Library Fundamental Scientific Library 05/02/2025   Кус/913 FL0687798 05/02/2025 05/02/2025 Գրքեր / Books ILL Non-Circ.
    Universal Decimal Classification     Kusikian Individual Collection Fundamental Scientific Library Fundamental Scientific Library 05/02/2025   Кус/923 FL0687809 05/02/2025 05/02/2025 Գրքեր / Books ILL Non-Circ.
    Universal Decimal Classification     Kusikian Individual Collection Fundamental Scientific Library Fundamental Scientific Library 18/03/2025   Кус/1726 FL0686267 18/03/2025 18/03/2025 Գրքեր / Books ILL Non-Circ.


ՀՀ ԳԱԱ հիմնարար գիտական գրադարան
ՀՀ,Երևան 0019
Մարշալ Բաղրամյան 24/6
հեռախոս:(374-10) 52-47-50
Հետադարձ կապ

All site content, except where otherwise noted, is licensed under a
Creative Commons License